000 01259nam a2200289Ia 4500
003 PE SENCICO BE
005 20251020182439.0
008 200515s9999 xx 000 0 und d
020 _a978-84-676-5641-1
040 _aPE SENCICO BE
_cPE SENCICO BE
041 _aspa
082 _a526.9
_bA49
_22011
100 1 _aAmeneiro Bustos, Ana
_9910
_eautor
245 0 _aTopografía :
_btrabajo de campo y gabinete /
_cAna Ameneiro Bustos, Elisa Cardenas de Llano Sosa, José Manuel Sierra Gallardo
250 _a2a ed.
260 _aAlcalá de Guadaíra (Sevilla) :
_bMad ;
_c2011
300 _a267 páginas :
_bilustraciones, tablas, gráficos ;
_c25 cm.
505 0 _aIntroducción al dibujo técnico -- Introducción a la topografía -- Instrumentos de medida en la topografía -- División de la topografía y nociones topográficas -- Nivelación -- Taquimetría -- Curvas de nivel -- Perfiles -- Cubicación -- Cartografía -- Fotogrametría -- GPS y Software
650 1 4 _aTopografía
_94
650 2 4 _aCartografía
_91
650 2 4 _aFotogrametría
_9120
650 2 4 _aGPS
_9911
650 2 4 _aTaquimetría
_9912
700 1 _9913
_aCardenas de Llano Sosa, Elisa
_eautor
700 1 _9914
_aSierra Gallardo, José Manuel
_eautor
942 _cLIB
_2ddc
999 _c494
_d494